00542cam a22001812 4500001001100000005001700011008004100028020001700069040001500086100002900101245006100130250001200191260003300203300001800236650004900254650005400303852000300357000002131420151217152229.0120314s xx 000 0 eng d a8131703212 : aKABUcKABU1 aShook, Fred.@000018212710aTelevision field production and reporting /cFred Shook. a4th ed. aNew Delhi :bPearson,c2005. axxiii, 376 p. 0aTelevision broadcasting of news.@0000070901 0aTelevisionxProduction and direction.@00001821281